Zpravodaj Handlovských uhoľných baní, n. p. v Handlovej

Bibliographic Details
Previous Title:Handlovský úderník
Format: Journal
Language:Slovak
PhysicalDescription:2 zv. 30 cm
Published: Handlová ZS ROH Uhoľné bane, n. p., záv. Handlová, propagačné odd. 1951-1952
Subjects:

MARC

LEADER 00000cas a22000004a 4500
001 vtls010300966
003 SK-MaSNL
005 20260228162909.0
008 110810d19511952xo wr p 0 b0slo
040 |a SNK  |b slo  |c SNK  |e AACR2 
041 0 |a slo 
043 |a e-xo--- 
044 |a xo  |c SK 
072 7 |a 622  |x Baníctvo  |2 konspekt 
080 |a 622  |2 2011 
080 |a (085.3)  |2 2011 
080 |a 622.012.2  |2 2011 
080 |a (437.6)  |2 2011 
245 0 0 |a Zpravodaj Handlovských uhoľných baní, n. p. v Handlovej 
260 |a Handlová  |b ZS ROH Uhoľné bane, n. p., záv. Handlová, propagačné odd.  |c 1951-1952 
300 |a 2 zv.  |c 30 cm 
310 |a 1x týždenne  |b 196/1951-21/1952 
321 |a 1x denne  |b 144/1951-195/1951 
362 0 |a Roč. II, č. 144 (20.6.1951)-roč. III, č. 21 (22.5.1952) 
500 |a Red. sa neuvádza 
580 |a Nadviazal na časopis Handlovský úderník 
610 2 7 |a Handlovské uhoľné bane  |2 SNKKA  |9 237475 
650 0 7 |a ťažba uhlia  |2 SNKPH  |9 27737 
650 0 7 |a bane  |2 SNKPH  |9 27434 
651 7 |a Handlová (Slovensko)  |2 SNKPHgeo  |9 15606 
655 7 |a podnikové periodiká  |2 SNKPH  |9 132333 
780 0 0 |t Handlovský úderník  |w vtls010301261 
910 |a snk 
999 |c 8517  |d 10447 
952 |0 0  |1 0  |3 chýba č. 18, 98, 167, 168, 201, 206, 209  |4 0  |7 0  |a SNK  |b SNK  |d 2013-03-21  |i snkČSF 117/56  |l 0  |o snkČSB 1014/1951  |p 17A0749782  |r 2026-02-21 20:24:20  |t č. 1-211  |w 2026-02-21  |y PREZ  |z chýba č. 18, 98, 167, 168, 201, 206, 209